000 00268nam a22001217a 4500
008 171127b xxu||||| |||| 00| 0 eng d
041 _aeng
080 _a7
100 _a45
101 _aART
245 _a'THE ARTS AND SCIENCES UNITED'
_cWEDGWOOD,J
942 _2udc
_cBK
999 _c38570
_d38570